000 00883nam a2200229Ia 4500
003 OSt
005 20251202101433.0
008 210716s2009 xx 000 0 und d
020 _a9788120327948
040 _cAIMIT LIBRARY
041 _aeng
082 _a005.762
_bKARH
245 _aData mining: next generation challenges and future directions :
_bnext generation challenges and future directions /
_cEdited by Hillol Kargupta, Anupam Joshi ...{et.al.].
250 _a1st ed.
260 _aNew Delhi :
_bPHI Learning Pvt Ltd ,
_c2009.
300 _axviii,558 p.;
_bPB
_c22 cm.
650 _aCounterterrorism privacy and data mining
_9247229
650 _aScientific data mining
_9247230
650 _aWeb semantics and data mining
_9247231
700 _aJoshi, Anupam;Kargupta, Hillol;Sivakumar, Krishnamoorthy;Yesha, Yelena.
_9247232
942 _2ddc
_cBK
_e1st
_k005.762 KARH
999 _c191405
_d191405